000 00591nam a22002052 4500
001 0000006983
005 20151217154400.0
008 071105s xx 000 0 eng d
020 _a052154891 :
_cKES 2400
040 _aKABU
_cKABU
100 1 _aJones, Mary.
_@0000155239
245 1 0 _aHuman biology for AS /
_cMary Jones, Geoff Jones.
260 _aCambridge :
_bC. U. P.,
_c2004.
300 _avi, 296 p.
650 0 _aHuman biology.
_@0000155214
700 1 _aJones, Geoff.
_@0000155240
908 _a071105
950 _@1
999 _c10906
_d10906